00537nam a2200205 a 4500001001300000003000900013005001700022008004100039020002500080082001900105100001800124245003800142260003600180300000900216500003500225505001000260650002200270650002100292700001800313nice12345678IN_TiNIC20260116013217.0050524s1991 lona grp 000 0 eng  a1855675 c12.9500a305.40954bLES aLeslie, Julia aRoles and Rituals for Hindu Women aLondonbPinter Publisher c1991 a267p aincludes index and biblioraphy2 aIndex aWomen in Hinduism aHinduism-Rituals1 aLeslie, Julia